[Event "Gibtelecom Masters 2005"]
[Site "Gibraltar ENG"]
[Date "2005.01.27"]
[Round "3.15"]
[White "Ward, Christopher"]
[Black "Vea, Odin Blikra"]
[Result "1-0"]
[WhiteElo "2485"]
[BlackElo "2077"]
[PlyCount "121"]
[EventDate "2005.01.26"]
[EventType "swiss"]
[EventRounds "10"]
[EventCountry "ENG"]
[Source "lmi"]
[SourceDate "2005.02.03"]

1. d4 d5 2. Nf3 Nf6 3. c4 c6 4. Nc3 a6 5. e3 e6 6. Ne5 Nbd7 7. f4 Bb4 8. Bd3
dxc4 9. Nxc4 b5 10. Ne5 Bb7 11. a3 Bxc3+ 12. bxc3 c5 13. O-O c4 14. Bc2 Nxe5
15. fxe5 Qd5 16. Qe2 Ne4 17. Bb2 g5 18. a4 h5 19. Qf3 f5 20. exf6 Kf7 21. axb5
axb5 22. Rxa8 Bxa8 23. Ra1 Qf5 24. Qxf5 exf5 25. Ra7+ Kxf6 26. Ra6+ Kf7 27. Rb6
Rd8 28. Rxb5 Bd5 29. Ra5 Rd7 30. Ba3 h4 31. Ba4 Rb7 32. Bb4 Ke6 33. Ra6+ Kf7
34. Ra5 Ke6 35. Ra8 g4 36. Ra6+ Kf7 37. Ra5 Ke6 38. Bc2 Rb8 39. Ra7 Ra8 40.
Rxa8 Bxa8 41. Ba4 Bd5 42. Bb5 Kf6 43. Ba5 Ke6 44. Kf1 Nd6 45. Ba4 Ne4 46. Bc2
Bc6 47. Bd8 h3 48. gxh3 gxh3 49. Ba5 Ng3+ 50. Ke1 Ne4 51. Bd1 Nf6 52. Be2 Bd5
53. Bf1 Ng4 54. Bc7 Nxe3 55. Bxh3 Ng4 56. Bf4 Nf6 57. Kd2 Bc6 58. Kc2 Nd5 59.
Bg5 Be8 60. Kd2 Bg6 61. Bf1 1-0

[Event "Gibtelecom Masters 2005"]
[Site "Gibraltar ENG"]
[Date "2005.01.27"]
[Round "3.16"]
[White "Agdestein, Emil"]
[Black "Tregubov, Pavel V"]
[Result "0-1"]
[WhiteElo "2045"]
[BlackElo "2629"]
[PlyCount "62"]
[EventDate "2005.01.26"]
[EventType "swiss"]
[EventRounds "10"]
[EventCountry "ENG"]
[Source "lmi"]
[SourceDate "2005.02.03"]

1. e4 c5 2. Nc3 e6 3. f4 a6 4. Nf3 Nc6 5. g3 d5 6. d3 d4 7. Ne2 Nf6 8. Bg2 Be7
9. O-O b5 10. h3 Bb7 11. g4 Qc7 12. a3 O-O 13. Qe1 c4 14. Ng3 Nd7 15. e5 cxd3
16. cxd3 Na5 17. b4 Nb3 18. Rb1 Nxc1 19. Rxc1 Qb6 20. Ne4 a5 21. f5 axb4 22.
axb4 Ra2 23. Rf2 Rxf2 24. Qxf2 Bxe4 25. dxe4 Bxb4 26. Qh4 d3+ 27. Kh1 d2 28.
Rd1 Rc8 29. f6 Rc1 30. fxg7 Rxd1+ 31. Kh2 Nxe5 0-1

[Event "Gibtelecom Masters 2005"]
[Site "Gibraltar ENG"]
[Date "2005.01.27"]
[Round "3.17"]
[White "Al Sayed, Mohamad Naser"]
[Black "White, Kevin"]
[Result "1-0"]
[WhiteElo "2463"]
[BlackElo "2035"]
[PlyCount "65"]
[EventDate "2005.01.26"]
[EventType "swiss"]
[EventRounds "10"]
[EventCountry "ENG"]
[Source "lmi"]
[SourceDate "2005.02.03"]

1. e4 d5 2. exd5 Qxd5 3. Nc3 Qa5 4. d4 Nf6 5. Bd2 c6 6. Bc4 Bf5 7. Nd5 Qd8 8.
Nxf6+ gxf6 9. c3 e6 10. Ne2 Nd7 11. Ng3 Bg6 12. Qe2 Nb6 13. Bb3 Qc7 14. Nh5
Bxh5 15. Qxh5 O-O-O 16. Qf3 f5 17. O-O-O c5 18. Bf4 Bd6 19. Bxd6 Rxd6 20. dxc5
Qxc5 21. Rxd6 Qxd6 22. g4 f4 23. Qe4 Qc6 24. Re1 Qxe4 25. Rxe4 Nd7 26. Rc4+ Kb8
27. Rxf4 Ne5 28. Bc2 Rg8 29. b3 h5 30. Re4 Nd7 31. gxh5 Rg5 32. Rh4 Ne5 33. h6
1-0

[Event "Gibtelecom Masters 2005"]
[Site "Gibraltar ENG"]
[Date "2005.01.27"]
[Round "3.19"]
[White "Van den Bersselaar, Jeroen"]
[Black "Postny, Evgeny"]
[Result "0-1"]
[WhiteElo "2211"]
[BlackElo "2557"]
[PlyCount "136"]
[EventDate "2005.01.26"]
[EventType "swiss"]
[EventRounds "10"]
[EventCountry "ENG"]
[Source "lmi"]
[SourceDate "2005.02.03"]

1. d4 g6 2. e4 Bg7 3. Nf3 d6 4. Bd3 c5 5. c3 cxd4 6. cxd4 Bg4 7. Qa4+ Bd7 8.
Qb3 Nc6 9. Be3 Nf6 10. h3 O-O 11. O-O a5 12. Nc3 Qb8 13. Rac1 a4 14. Qd1 b5 15.
Bxb5 Nxe4 16. Bxa4 Nxc3 17. bxc3 Qc7 18. d5 Ne5 19. Bxd7 Nxd7 20. Qe2 Qa5 21.
c4 Qxa2 22. Qxa2 Rxa2 23. Rfe1 Re8 24. Bd4 Bf8 25. Ra1 Rxa1 26. Rxa1 Rc8 27.
Ra7 Nc5 28. Be3 Nd3 29. Ra3 Nb2 30. c5 dxc5 31. Ne5 Rd8 32. Ra2 Rxd5 33. Nxg6
hxg6 34. Rxb2 e6 35. Rb8 Kg7 36. Rc8 Bd6 37. g3 Kf6 38. Kg2 Ke7 39. h4 Kd7 40.
Ra8 Be5 41. Ra7+ Ke8 42. Ra8+ Ke7 43. Ra7+ Kf8 44. Bh6+ Ke8 45. Be3 Bd4 46. Kf3
Rd7 47. Ra4 f5 48. Ra6 Kf7 49. Rc6 Kf6 50. Rc8 Rb7 51. Ke2 Rb2+ 52. Kd3 Rb3+
53. Ke2 Bxe3 54. fxe3 Rb2+ 55. Kf3 Rc2 56. Rf8+ Ke7 57. Rg8 Kf7 58. Rc8 Rc4 59.
Rc7+ Kf6 60. Rc8 Rc1 61. Rf8+ Ke7 62. Rg8 Kf7 63. Rc8 c4 64. e4 c3 65. exf5
gxf5 66. h5 c2 67. Kg2 Kg7 68. Rc6 e5 0-1

[Event "Gibtelecom Masters 2005"]
[Site "Gibraltar ENG"]
[Date "2005.01.27"]
[Round "3.20"]
[White "Cazelais, Marc"]
[Black "Erenburg, Sergey"]
[Result "0-1"]
[WhiteElo "2201"]
[BlackElo "2551"]
[PlyCount "78"]
[EventDate "2005.01.26"]
[EventType "swiss"]
[EventRounds "10"]
[EventCountry "ENG"]
[Source "lmi"]
[SourceDate "2005.02.03"]

1. e4 c5 2. c3 d5 3. exd5 Qxd5 4. d4 e6 5. Nf3 Nf6 6. Be3 cxd4 7. cxd4 Bb4+ 8.
Nc3 O-O 9. Bd3 b6 10. O-O Bxc3 11. bxc3 Ba6 12. Bxa6 Nxa6 13. Qa4 Qb7 14. c4
Rac8 15. Rac1 Nb8 16. Rfd1 h6 17. h3 Rfd8 18. Bf4 Nc6 19. Bg3 Ne7 20. Be5 Ne4
21. Qa3 Nf5 22. d5 f6 23. Ba1 e5 24. Bb2 Nfd6 25. Qa4 Rd7 26. Rc2 Rxc4 27. Rxc4
b5 28. Rb4 bxa4 29. Rxb7 Rxb7 30. Ba3 Nc4 31. d6 Rd7 32. Bb4 Kf7 33. Nh4 a5 34.
Be1 Nexd6 35. Rd5 Rb7 36. Bxa5 g5 37. Nf3 Rb1+ 38. Kh2 Ke6 39. Rc5 Rb2 0-1

[Event "Gibtelecom Masters 2005"]
[Site "Gibraltar ENG"]
[Date "2005.01.27"]
[Round "3.21"]
[White "Ofstad, Per"]
[Black "Williams, Simon"]
[Result "0-1"]
[WhiteElo "2202"]
[BlackElo "2487"]
[PlyCount "88"]
[EventDate "2005.01.26"]
[EventType "swiss"]
[EventRounds "10"]
[EventCountry "ENG"]
[Source "lmi"]
[SourceDate "2005.02.03"]

1. e4 e6 2. d4 d5 3. Nd2 Nf6 4. e5 Nfd7 5. f4 c5 6. c3 Nc6 7. Ndf3 Qb6 8. h4
cxd4 9. cxd4 Be7 10. Ne2 O-O 11. Nc3 f5 12. a3 a5 13. Na4 Qa7 14. Be3 Nb6 15.
Nc3 Bd7 16. Bf2 a4 17. Bb5 Qa5 18. O-O Nxe5 19. Bxd7 Nxf3+ 20. Qxf3 Nxd7 21.
Rfe1 Ra6 22. Nxd5 Bxa3 23. Qxa3 Qxd5 24. Rac1 Qd6 25. d5 exd5 26. Re7 d4 27.
Qa2+ Kh8 28. Rf7 Raa8 29. Rd1 d3 30. Rxf8+ Nxf8 31. Qc4 Rd8 32. Qxa4 Ne6 33.
Be3 Qd5 34. Kf2 h5 35. Qa3 Kh7 36. Qc3 Qe4 37. Qe5 Qxe5 38. fxe5 f4 39. Bd2 Kg6
40. Ra1 Kf5 41. Ra5 Rd4 42. Kf1 Rc4 43. Rb5 Rc2 44. Ke1 f3 0-1

[Event "Gibtelecom Masters 2005"]
[Site "Gibraltar ENG"]
[Date "2005.01.27"]
[Round "3.22"]
[White "Dunn, Andrew"]
[Black "Cramling, Pia"]
[Result "0-1"]
[WhiteElo "2186"]
[BlackElo "2481"]
[PlyCount "129"]
[EventDate "2005.01.26"]
[EventType "swiss"]
[EventRounds "10"]
[EventCountry "ENG"]
[Source "lmi"]
[SourceDate "2005.02.03"]

1. d4 Nf6 2. Nf3 d5 3. c4 c6 4. e3 Bg4 5. Nc3 e6 6. h3 Bxf3 7. Qxf3 Nbd7 8. Bd3
Bb4 9. O-O O-O 10. Bd2 Re8 11. a3 Bd6 12. cxd5 exd5 13. e4 dxe4 14. Nxe4 Nxe4
15. Bxe4 Nf6 16. Bg5 Rxe4 17. Bxf6 Qe8 18. Bg5 Rxd4 19. Rfe1 Qd7 20. Be3 Rd5
21. Rad1 Rxd1 22. Rxd1 Qe6 23. Bd4 a6 24. Qc3 Bf8 25. b4 h6 26. Bc5 Re8 27. a4
Qe2 28. Rc1 Bxc5 29. bxc5 Re4 30. Qb3 Qd2 31. Rb1 Re1+ 32. Rxe1 Qxe1+ 33. Kh2
Qe5+ 34. Kg1 Qxc5 35. Qxb7 a5 36. g3 Qd5 37. h4 Kh7 38. Qb1+ g6 39. Qb7 h5 40.
Qc7 Kg7 41. Kh2 Kf6 42. Qb6 Ke5 43. Qe3+ Kd6 44. Qb6 Qc5 45. Qd8+ Ke6 46. Qe8+
Kf6 47. Qd8+ Kg7 48. Qd2 Qb4 49. Qxb4 axb4 50. a5 b3 51. a6 b2 52. a7 b1=Q 53.
a8=Q c5 54. Qc6 Qb4 55. Kg2 Qd4 56. Qb6 Qd5+ 57. Kg1 c4 58. Qb2+ Kg8 59. Qc3
Kf8 60. Qb4+ Ke8 61. Qb8+ Kd7 62. Qa7+ Ke6 63. Qe3+ Qe5 64. Qb6+ Kf5 65. Qb7
0-1

[Event "Gibtelecom Masters 2005"]
[Site "Gibraltar ENG"]
[Date "2005.01.27"]
[Round "3.23"]
[White "Osuna Vega, Enrique"]
[Black "Radziewicz, Iweta"]
[Result "0-1"]
[WhiteElo "2173"]
[BlackElo "2459"]
[PlyCount "116"]
[EventDate "2005.01.26"]
[EventType "swiss"]
[EventRounds "10"]
[EventCountry "ENG"]
[Source "lmi"]
[SourceDate "2005.02.03"]

1. e4 e6 2. d4 d5 3. Nd2 Nf6 4. e5 Nfd7 5. Bd3 c5 6. c3 Nc6 7. Ne2 cxd4 8. cxd4
f6 9. exf6 Nxf6 10. Nf3 Bd6 11. O-O O-O 12. Bf4 Bxf4 13. Nxf4 Ng4 14. Qd2 Qf6
15. Ne2 a6 16. h3 Nh6 17. Ng3 Qf4 18. Rad1 Bd7 19. Rfe1 Qxd2 20. Rxd2 g6 21.
Ne5 Nxe5 22. Rxe5 Rac8 23. Re1 Nf7 24. Nf1 Kg7 25. Nh2 Nd8 26. Nf3 Nc6 27. Bb1
Rf4 28. Rdd1 h6 29. Ne5 Nxe5 30. dxe5 Rfc4 31. f3 Be8 32. Kf2 g5 33. Bd3 R4c7
34. Ke3 Bg6 35. Rd2 b5 36. Ree2 Rc1 37. Bxg6 Kxg6 38. a3 R8c4 39. Rd4 Kf5 40.
Rxc4 Rxc4 41. Kd3 Kf4 42. Re1 Kg3 43. Re2 h5 44. Ke3 Rc1 45. Rd2 a5 46. Re2 b4
47. axb4 axb4 48. Rd2 h4 49. Rd4 Rc4 50. Rd2 b3 51. Rd3 Kxg2 52. Rxb3 Kxh3 53.
Rb6 Kg2 54. Rxe6 h3 55. Rg6 h2 56. Rxg5+ Kh3 57. f4 Re4+ 58. Kd3 Rxf4 0-1

[Event "Gibtelecom Masters 2005"]
[Site "Gibraltar ENG"]
[Date "2005.01.27"]
[Round "3.25"]
[White "Mitchell, Martin"]
[Black "Arakhamia Grant, Ketevan"]
[Result "0-1"]
[WhiteElo "2147"]
[BlackElo "2454"]
[PlyCount "88"]
[EventDate "2005.01.26"]
[EventType "swiss"]
[EventRounds "10"]
[EventCountry "ENG"]
[Source "lmi"]
[SourceDate "2005.02.03"]

1. d4 Nf6 2. c4 g6 3. Nc3 Bg7 4. e4 d6 5. Be2 O-O 6. Bg5 Na6 7. Nf3 h6 8. Bf4
e5 9. dxe5 Nh5 10. Be3 dxe5 11. Qc1 Kh7 12. O-O c6 13. Rd1 Qe7 14. c5 Nc7 15.
Nd2 Nf4 16. Bf1 Nce6 17. g3 Nh5 18. b4 Nd4 19. Bg2 a5 20. a3 Bg4 21. Rf1 axb4
22. axb4 Rxa1 23. Qxa1 Nc2 24. Qb1 Nxe3 25. fxe3 Be6 26. Re1 Nf6 27. Bf1 h5 28.
Nc4 Nd7 29. Qc2 Bh6 30. Qd3 h4 31. gxh4 Qxh4 32. Re2 Nf6 33. Nd2 Ng4 34. Nd1
Rd8 35. Qc2 Qh5 36. Qc3 Nf6 37. Nf2 Kg8 38. Re1 Ng4 39. Nxg4 Qxg4+ 40. Bg2 Bg7
41. Kh1 Bf6 42. Rf1 Kg7 43. Qc2 Qe2 44. Rd1 Bg4 0-1

[Event "Gibtelecom Masters 2005"]
[Site "Gibraltar ENG"]
[Date "2005.01.27"]
[Round "3.26"]
[White "McNab, Colin A"]
[Black "Mohamed, Mehdi Aithmido"]
[Result "1-0"]
[WhiteElo "2440"]
[BlackElo "2122"]
[PlyCount "83"]
[EventDate "2005.01.26"]
[EventType "swiss"]
[EventRounds "10"]
[EventCountry "ENG"]
[Source "lmi"]
[SourceDate "2005.02.03"]

1. c4 Nf6 2. Nf3 c5 3. g3 Nc6 4. Bg2 d5 5. cxd5 Nxd5 6. Nc3 Nc7 7. b3 e5 8. Bb2
Be7 9. Rc1 f6 10. Na4 Ne6 11. O-O O-O 12. Ne1 Qa5 13. Nd3 Rd8 14. f4 exf4 15.
gxf4 f5 16. Rf3 Ncd4 17. Rh3 g6 18. e3 Nb5 19. Qc2 Rb8 20. Kh1 b6 21. Rg1 Nd6
22. Ne5 Bb7 23. Bxb7 Rxb7 24. Nc6 Qb5 25. Nxd8 Bxd8 26. d3 Ne8 27. Nc3 Qc6+ 28.
Qg2 Qd7 29. Nd5 Rb8 30. Be5 Rc8 31. e4 N6g7 32. Ne3 Nf6 33. Bxf6 Bxf6 34. Rxh7
Kxh7 35. Qxg6+ Kg8 36. Qxf6 Rf8 37. Nd5 Rf7 38. Qe5 fxe4 39. Rxg7+ Kf8 40.
Rxf7+ Qxf7 41. Qh8+ Qg8 42. Qxg8+ 1-0

[Event "Gibtelecom Masters 2005"]
[Site "Gibraltar ENG"]
[Date "2005.01.27"]
[Round "3.27"]
[White "Flores Chico, Jorge"]
[Black "Kristjansson, Stefan"]
[Result "0-1"]
[WhiteElo "2125"]
[BlackElo "2438"]
[PlyCount "58"]
[EventDate "2005.01.26"]
[EventType "swiss"]
[EventRounds "10"]
[EventCountry "ENG"]
[Source "lmi"]
[SourceDate "2005.02.03"]

1. e4 e6 2. Nc3 d5 3. Nf3 Nf6 4. e5 Nfd7 5. d4 c5 6. dxc5 Nc6 7. Bf4 Bxc5 8.
Bd3 f6 9. exf6 Qxf6 10. Bg5 Qf7 11. Bh4 Nde5 12. Nxe5 Nxe5 13. Bb5+ Nc6 14. O-O
O-O 15. Bg3 a6 16. Bd3 b5 17. a3 Bb7 18. Qd2 Rad8 19. Rae1 Rfe8 20. b4 Ba7 21.
Qg5 Bd4 22. Ne2 Bf6 23. Qg4 e5 24. f3 Ne7 25. Qh3 e4 26. fxe4 dxe4 27. Be5 exd3
28. cxd3 Ng6 29. Bxf6 gxf6 0-1

[Event "Gibtelecom Masters 2005"]
[Site "Gibraltar ENG"]
[Date "2005.01.27"]
[Round "3.28"]
[White "Duncanson, Henry G"]
[Black "Bellon Lopez, Juan Manuel"]
[Result "0-1"]
[WhiteElo "2110"]
[BlackElo "2428"]
[PlyCount "96"]
[EventDate "2005.01.26"]
[EventType "swiss"]
[EventRounds "10"]
[EventCountry "ENG"]
[Source "lmi"]
[SourceDate "2005.02.03"]

1. e4 c5 2. Nf3 e6 3. d4 cxd4 4. Nxd4 Nf6 5. Nc3 Qb6 6. Nb3 Bb4 7. Bd3 d6 8.
O-O Bxc3 9. bxc3 e5 10. Qe1 O-O 11. Be3 Qc7 12. f4 Nbd7 13. f5 b6 14. Rf3 d5
15. Rh3 dxe4 16. Be2 Re8 17. g4 Nd5 18. Qh4 Nf8 19. Rf1 Nf4 20. Rxf4 exf4 21.
Bd4 f6 22. Nd2 e3 23. Nf3 Qf7 24. Bd3 e2 25. Kf2 Bb7 26. Ne1 h6 27. Bxe2 Ng6
28. Qh5 Ne5 29. Qxf7+ Nxf7 30. Bc4 Kf8 31. Bxf7 Kxf7 32. Rd3 h5 33. h3 hxg4 34.
hxg4 Rh8 35. Bxb6 Rh2+ 36. Kg1 Rh1+ 37. Kf2 Rxe1 38. Kxe1 Re8+ 39. Kf2 axb6 40.
Rd6 b5 41. Rb6 Ba8 42. Rxb5 f3 43. Rc5 Re2+ 44. Kf1 Be4 45. Rc7+ Kg8 46. Re7
Bxc2 47. Rxe2 Bd3 48. Kf2 fxe2 0-1

[Event "Gibtelecom Masters 2005"]
[Site "Gibraltar ENG"]
[Date "2005.01.27"]
[Round "3.29"]
[White "Tissir, Mohamed"]
[Black "Ocana Roca, Juan Jesus"]
[Result "1-0"]
[WhiteElo "2426"]
[BlackElo "2149"]
[PlyCount "121"]
[EventDate "2005.01.26"]
[EventType "swiss"]
[EventRounds "10"]
[EventCountry "ENG"]
[Source "lmi"]
[SourceDate "2005.02.03"]

1. e4 c5 2. Nc3 Nc6 3. Bb5 Nd4 4. Bc4 d6 5. Nf3 Nf6 6. h3 e6 7. O-O Be7 8. d3
O-O 9. Nxd4 cxd4 10. Ne2 Qb6 11. a4 a5 12. Kh1 d5 13. exd5 Nxd5 14. Ng3 Nf6 15.
f4 Bd7 16. f5 e5 17. Bg5 Qd6 18. Bxf6 Bxf6 19. Ne4 Qe7 20. Bd5 Bc8 21. Qh5 Rd8
22. Bc4 b6 23. Rae1 Bb7 24. Rf3 Rf8 25. h4 Kh8 26. Ref1 Rac8 27. b3 Bxe4 28.
dxe4 Rc6 29. g3 Rd6 30. R3f2 Qb7 31. Qf3 Qc7 32. Rh2 Qd8 33. Qf2 Qa8 34. Bd3
Be7 35. g4 f6 36. Rg1 Qd8 37. Qg3 Qe8 38. Qf3 Qd8 39. g5 fxg5 40. hxg5 Bxg5 41.
Qg3 Bh6 42. Qxe5 Re8 43. Qg3 Qf6 44. Qh3 Qe5 45. Qh5 Rf8 46. Rg4 Qe8 47. Qh4
Qe5 48. Qh3 Rdf6 49. Qg2 Rd6 50. Qh3 Rdf6 51. Qh4 Rd6 52. Qh5 Qe8 53. Qh3 Qe5
54. Rh4 Rdf6 55. Qf3 Rd6 56. Rh5 Rdf6 57. R2h3 Rd6 58. f6 Qe8 59. e5 Re6 60.
Qf5 g6 61. Rxh6 1-0

[Event "Gibtelecom Masters 2005"]
[Site "Gibraltar ENG"]
[Date "2005.01.27"]
[Round "3.30"]
[White "Vinas Guerrero, Carlos A"]
[Black "Kobese, Watu"]
[Result "0-1"]
[WhiteElo "2096"]
[BlackElo "2419"]
[PlyCount "80"]
[EventDate "2005.01.26"]
[EventType "swiss"]
[EventRounds "10"]
[EventCountry "ENG"]
[Source "lmi"]
[SourceDate "2005.02.03"]

1. e4 e5 2. Nf3 Nc6 3. Bb5 a6 4. Bxc6 dxc6 5. O-O f6 6. d4 exd4 7. Nxd4 c5 8.
Nb3 Qxd1 9. Rxd1 Bg4 10. f3 Bd7 11. Be3 b6 12. a4 O-O-O 13. N1d2 a5 14. Nc4 Ne7
15. Nbd2 Nc6 16. b3 Be6 17. Kf2 Nb4 18. Na3 Bd6 19. f4 Rhe8 20. Kf3 g5 21. g3
h5 22. Rg1 Be7 23. Rae1 Rd7 24. Ndb1 Nc6 25. Nb5 Nd4+ 26. Nxd4 cxd4 27. Bc1 Bc5
28. f5 Bf7 29. Rgf1 Rde7 30. Nd2 Bb4 31. h3 Bd5 32. Re2 Bxd2 33. Bxd2 Bxe4+ 34.
Kf2 Bxc2 35. Rxe7 Rxe7 36. b4 axb4 37. Bxb4 c5 38. Rc1 Bxa4 39. g4 hxg4 40.
hxg4 Bc6 0-1

[Event "Gibtelecom Masters 2005"]
[Site "Gibraltar ENG"]
[Date "2005.01.27"]
[Round "3.31"]
[White "Hennigan, Michael"]
[Black "Fraser Mitchell, Jeremy M"]
[Result "1-0"]
[WhiteElo "2408"]
[BlackElo "2092"]
[PlyCount "41"]
[EventDate "2005.01.26"]
[EventType "swiss"]
[EventRounds "10"]
[EventCountry "ENG"]
[Source "lmi"]
[SourceDate "2005.02.03"]

1. g3 e5 2. Bg2 d5 3. d3 Nf6 4. Nf3 Bd6 5. O-O O-O 6. Nc3 c6 7. e4 d4 8. Ne2 c5
9. Nd2 Nc6 10. h3 Bd7 11. f4 b5 12. f5 Rc8 13. g4 Ne8 14. Ng3 Be7 15. Nf3 f6
16. h4 h6 17. Rf2 Nd6 18. g5 fxg5 19. hxg5 hxg5 20. Bf1 Kf7 21. Nxg5+ 1-0

[Event "Gibtelecom Masters 2005"]
[Site "Gibraltar ENG"]
[Date "2005.01.27"]
[Round "3.32"]
[White "Diaz Montenegro, Ignacio"]
[Black "Dworakowska, Joanna"]
[Result "0-1"]
[WhiteElo "2090"]
[BlackElo "2395"]
[PlyCount "90"]
[EventDate "2005.01.26"]
[EventType "swiss"]
[EventRounds "10"]
[EventCountry "ENG"]
[Source "lmi"]
[SourceDate "2005.02.03"]

1. c4 Nf6 2. d4 g6 3. Nc3 Bg7 4. g3 O-O 5. Bg2 d6 6. Nf3 Nc6 7. O-O Rb8 8. b3
a6 9. Bb2 b5 10. cxb5 axb5 11. Rc1 b4 12. Nb1 Na7 13. a4 bxa3 14. Nxa3 c6 15.
Nd2 d5 16. Nab1 Nd7 17. e3 e5 18. dxe5 Nxe5 19. Bxe5 Bxe5 20. Nc3 h5 21. Na4
Bg7 22. Qc2 Re8 23. Nf3 Bf5 24. Qc5 Qe7 25. Nd2 Qd7 26. Rfd1 Bf8 27. Qc3 Ba3
28. Nc5 Qe7 29. e4 Nb5 30. Qe3 Bg4 31. f3 Bc8 32. b4 Bxc1 33. Rxc1 d4 34. Qf4
Ra8 35. Nc4 Ra2 36. Qh6 Nc3 37. Re1 Be6 38. Bf1 Qf6 39. f4 d3 40. e5 Qd8 41.
Bxd3 Qd4+ 42. Ne3 Bd5 43. e6 Ne2+ 44. Rxe2 Rxe2 45. exf7+ Bxf7 0-1

[Event "Gibtelecom Masters 2005"]
[Site "Gibraltar ENG"]
[Date "2005.01.27"]
[Round "3.33"]
[White "Estremera Panos, Sergio"]
[Black "Obers, Frits"]
[Result "1/2-1/2"]
[WhiteElo "2384"]
[BlackElo "2084"]
[PlyCount "48"]
[EventDate "2005.01.26"]
[EventType "swiss"]
[EventRounds "10"]
[EventCountry "ENG"]
[Source "lmi"]
[SourceDate "2005.02.03"]

1. Nf3 e6 2. c4 Nf6 3. Nc3 d5 4. d4 c6 5. Bg5 Nbd7 6. e3 Be7 7. Qc2 O-O 8. Rd1
h6 9. Bh4 b6 10. Bd3 Bb7 11. O-O dxc4 12. Bxc4 Nd5 13. Bg3 Qc8 14. Ne4 Rd8 15.
Nd6 Bxd6 16. Bxd6 N7f6 17. Bg3 c5 18. Rc1 Nb4 19. Qe2 Ne4 20. dxc5 Qxc5 21.
Bxe6 Ba6 22. Bc4 Nxa2 23. Rc2 Nb4 24. Rcc1 Na2 1/2-1/2

[Event "Gibtelecom Masters 2005"]
[Site "Gibraltar ENG"]
[Date "2005.01.27"]
[Round "3.34"]
[White "Coimbra, Margarida"]
[Black "Mortazavi, Ali"]
[Result "0-1"]
[WhiteElo "2081"]
[BlackElo "2371"]
[PlyCount "56"]
[EventDate "2005.01.26"]
[EventType "swiss"]
[EventRounds "10"]
[EventCountry "ENG"]
[Source "lmi"]
[SourceDate "2005.02.03"]

1. e4 c5 2. Nc3 e6 3. g3 Nc6 4. Bg2 g6 5. d3 Bg7 6. Be3 d6 7. Qd2 Rb8 8. Nge2
Nd4 9. O-O Ne7 10. Nc1 O-O 11. Nd1 e5 12. c3 Ne6 13. Ne2 d5 14. f4 exf4 15.
Nxf4 d4 16. cxd4 cxd4 17. Bf2 Qd6 18. Nxe6 Bxe6 19. b3 b5 20. Nb2 Rfc8 21. Rfc1
Qa3 22. Nd1 Nc6 23. Be1 Bf8 24. Qb2 Qxb2 25. Nxb2 Ba3 26. Rab1 Ne5 27. Rd1 Rc2
28. Rd2 Rbc8 0-1

[Event "Gibtelecom Masters 2005"]
[Site "Gibraltar ENG"]
[Date "2005.01.27"]
[Round "3.35"]
[White "Rendle, Thomas"]
[Black "Nicholson, John"]
[Result "1-0"]
[WhiteElo "2370"]
[BlackElo "2026"]
[PlyCount "55"]
[EventDate "2005.01.26"]
[EventType "swiss"]
[EventRounds "10"]
[EventCountry "ENG"]
[Source "lmi"]
[SourceDate "2005.02.03"]

1. e4 c5 2. Nf3 e6 3. b3 d5 4. exd5 exd5 5. Bb5+ Bd7 6. Bxd7+ Nxd7 7. O-O Ngf6
8. Re1+ Be7 9. Qe2 Nf8 10. Qb5+ Qd7 11. Qxc5 Ne6 12. Qe3 O-O 13. d4 Rfe8 14.
Ne5 Qc7 15. c3 Rac8 16. Qf3 Bd6 17. Bb2 Ne4 18. Qd1 N6g5 19. f3 Nf6 20. Qd2 Ne6
21. Qd3 Nh5 22. Nd2 Nhf4 23. Qf1 Ng5 24. h4 Nge6 25. c4 Qe7 26. g3 Ng6 27. cxd5
Nc7 28. Nxg6 1-0

[Event "Gibtelecom Masters 2005"]
[Site "Gibraltar ENG"]
[Date "2005.01.27"]
[Round "3.36"]
[White "Kekki, Petri"]
[Black "Rios Gonzalez, Jose Antonio"]
[Result "1-0"]
[WhiteElo "2362"]
[BlackElo "2070"]
[PlyCount "55"]
[EventDate "2005.01.26"]
[EventType "swiss"]
[EventRounds "10"]
[EventCountry "ENG"]
[Source "lmi"]
[SourceDate "2005.02.03"]

1. d4 d5 2. c4 c6 3. Nf3 Nf6 4. Nc3 e6 5. e3 a6 6. Qc2 Nbd7 7. b3 Bd6 8. Bd3 b5
9. O-O Bb7 10. e4 dxe4 11. Nxe4 Nxe4 12. Bxe4 Nf6 13. Bg5 Rc8 14. c5 Bb8 15.
Rfe1 h6 16. Bxf6 Qxf6 17. Ne5 Rc7 18. Re3 O-O 19. Rd1 h5 20. Qe2 Qh6 21. Rh3 h4
22. Ng4 Qg5 23. f4 Qxf4 24. Rxh4 Qg5 25. Rh5 Qxh5 26. Nf6+ gxf6 27. Qxh5 f5 28.
Qg5+ 1-0

[Event "Gibtelecom Masters 2005"]
[Site "Gibraltar ENG"]
[Date "2005.01.27"]
[Round "3.37"]
[White "Heyl, Thomas"]
[Black "Hassan, Abdullah"]
[Result "0-1"]
[WhiteElo "2070"]
[BlackElo "2357"]
[PlyCount "66"]
[EventDate "2005.01.26"]
[EventType "swiss"]
[EventRounds "10"]
[EventCountry "ENG"]
[Source "lmi"]
[SourceDate "2005.02.03"]

1. d4 Nf6 2. Nf3 e6 3. e3 b6 4. Bd3 Bb7 5. Nbd2 Be7 6. O-O O-O 7. e4 d5 8. e5
Nfd7 9. Ne1 c5 10. c3 Ba6 11. f4 Bxd3 12. Nxd3 Nc6 13. Nf3 cxd4 14. cxd4 Rc8
15. Be3 Na5 16. Nd2 Nc4 17. Rf3 f5 18. Rc1 Nb8 19. b3 Nxe3 20. Rxe3 Nc6 21. Nf3
Ba3 22. Rc2 a5 23. Ree2 Qd7 24. Nb2 Nb4 25. Rxc8 Rxc8 26. Nd3 Rc3 27. Nfe1 Nxd3
28. Nxd3 Qb5 29. Rd2 a4 30. bxa4 Qc4 31. Ne1 Rc1 32. Qe2 Bb4 33. Qxc4 dxc4 0-1

[Event "Gibtelecom Masters 2005"]
[Site "Gibraltar ENG"]
[Date "2005.01.27"]
[Round "3.39"]
[White "Gomez Zambrana, Pedro Alfonso"]
[Black "Nezad, Husein Aziz"]
[Result "0-1"]
[WhiteElo "2019"]
[BlackElo "2349"]
[PlyCount "68"]
[EventDate "2005.01.26"]
[EventType "swiss"]
[EventRounds "10"]
[EventCountry "ENG"]
[Source "lmi"]
[SourceDate "2005.02.03"]

1. Nf3 d5 2. d4 Nf6 3. b3 c5 4. e3 Nc6 5. Bb2 cxd4 6. exd4 Bf5 7. Bd3 Bxd3 8.
Qxd3 e6 9. O-O Be7 10. Ba3 O-O 11. Bxe7 Qxe7 12. c4 dxc4 13. bxc4 Rfd8 14. Nc3
Rac8 15. Rfd1 b6 16. Rac1 h6 17. Ne4 Nxe4 18. Qxe4 Qb4 19. Qd3 Na5 20. Nd2 Qa4
21. a3 Rd7 22. h3 Rdc7 23. Ne4 Nxc4 24. d5 Nb2 25. Nf6+ gxf6 26. Qg3+ Kf8 27.
Qd6+ Ke8 28. dxe6 Rxc1 29. Qd7+ Qxd7 30. exd7+ Ke7 31. d8=Q+ Rxd8 32. Rxc1 Rd1+
33. Rxd1 Nxd1 34. Kf1 Nb2 0-1

[Event "Gibtelecom Masters 2005"]
[Site "Gibraltar ENG"]
[Date "2005.01.27"]
[Round "3.39"]
[White "Thorfinnsson, Bjorn"]
[Black "Carame Gonzales, Francisco"]
[Result "1-0"]
[WhiteElo "2356"]
[BlackElo "2008"]
[PlyCount "50"]
[EventDate "2005.01.26"]
[EventType "swiss"]
[EventRounds "10"]
[EventCountry "ENG"]
[Source "lmi"]
[SourceDate "2005.02.03"]

1. d4 Nf6 2. c4 g6 3. Nc3 d5 4. Bg5 Ne4 5. Bh4 Nxc3 6. bxc3 Bg7 7. e3 c5 8. Nf3
Nc6 9. Qb3 dxc4 10. Bxc4 O-O 11. Qb2 cxd4 12. cxd4 Bg4 13. Rc1 Rc8 14. O-O Qd7
15. Nd2 h5 16. Nb3 Nb4 17. Qa3 Qd6 18. Nc5 Nc6 19. Qa4 b6 20. Ne4 Qb8 21. Ba6
Na5 22. Bxc8 Rxc8 23. Bxe7 Re8 24. Nf6+ Bxf6 25. Bxf6 Qb7 1-0

[Event "Gibtelecom Masters 2005"]
[Site "Gibraltar ENG"]
[Date "2005.01.27"]
[Round "3.40"]
[White "Bryn, Askild"]
[Black "Jasim, AR Saleh"]
[Result "1/2-1/2"]
[WhiteElo "2009"]
[BlackElo "2340"]
[PlyCount "39"]
[EventDate "2005.01.26"]
[EventType "swiss"]
[EventRounds "10"]
[EventCountry "ENG"]
[Source "lmi"]
[SourceDate "2005.02.03"]

1. e4 e6 2. d4 d5 3. exd5 exd5 4. Nf3 Nf6 5. Bd3 c5 6. c3 c4 7. Bc2 Bd6 8. h3
O-O 9. O-O h6 10. b3 b5 11. Ba3 Bxa3 12. Nxa3 a6 13. Nb1 Nc6 14. a4 b4 15. Ne5
Qd6 16. bxc4 Nxe5 17. c5 Qc7 18. dxe5 Qxe5 19. Qd4 Qxd4 20. cxd4 1/2-1/2